LEADER 05207oam 2200733I 450 001 9910453223703321 005 20200520144314.0 010 $a1-138-99475-8 010 $a1-315-02417-9 010 $a1-136-72281-5 024 7 $a10.4324/9781315024172 035 $a(CKB)2550000001171423 035 $a(EBL)1581739 035 $a(OCoLC)866445738 035 $a(SSID)ssj0001128877 035 $a(PQKBManifestationID)11756623 035 $a(PQKBTitleCode)TC0001128877 035 $a(PQKBWorkID)11067881 035 $a(PQKB)11492910 035 $a(MiAaPQ)EBC1581739 035 $a(Au-PeEL)EBL1581739 035 $a(CaPaEBR)ebr10823893 035 $a(CaONFJC)MIL552823 035 $a(OCoLC)958106000 035 $a(EXLCZ)992550000001171423 100 $a20180706d20132002 uy 0 101 0 $aeng 135 $aur|n|---||||| 181 $ctxt 182 $cc 183 $acr 200 10$aParallelism and prosody in the processing of ellipsis sentences /$fKaty Carlson 210 1$aLondon ;$aNew York :$cRoutledge,$d2013. 215 $a1 online resource (244 p.) 225 1 $aOutstanding dissertations in linguistics 225 0$aOutstanding dissertations in linguistics 300 $a"First published 2002 by Routledge"--T.p. verso. 311 $a0-415-94168-7 311 $a1-306-21572-2 320 $aIncludes bibliographical references and index. 327 $aCover; Original Title Page; Title Page; Copyright Page; Acknowledgments; Abstract; Table of Contents; List of Tables; List of Figures; Chapter 1: Introduction; Parallelism and the Parallelism Hypothesis; Sentence Processing; Ellipsis Sentences and Conjunction; Prosody and Prosodic Processing; Overview of Book; Chapter 2: The Processing of Ambiguous Written Gapping Sentences; Introduction to Gapping and its Structure; Processing Gapping Sentences; Experiment 1: Written Gapping Questionnaire; Method; Stimuli; Stimulus Pre-Testing; Procedure; Participants; Results; Discussion 327 $aOther Possible BiasesExperiment 2: Fill-in Questionnaire; Method; Stimuli; Procedure; Participants; Results; Discussion; Caminati Experiment: Gapping in Context; General Discussion; Conclusions; Chapter 3: The Auditory Processing of Ambiguous Gapping Sentences; Auditory Processing; Experiment 3 : Prosodic Parallelism Auditory Questionnaire; Method; Stimuli; Procedure; Participants; Results and Discussion; Experiment 4: Context-rating and Naturalness Study; Method; Stimuli; Procedure; Participants; Results; Discussion; On-line Auditory Processing 327 $aExperiment 5: Ellipsis Self-Paced Listening QuestionnaireMethod; Stimuli; Procedure; Participants; Results; Discussion; Experiment 6: Gapping Self-Paced Listening Questionnaire; Method; Stimuli; Procedure; Participants; Results; Discussion and Conclusions from Self-Paced Listening Experiments; General Conclusions; Chapter 4: Parallelism in Non-conjoined Ellipsis Sentences; Comparatives and Their Structure; Replacives and Stripping and Their Structures; Commonalities Between Comparatives, Replacives, and Stripping; Experiment 7: Replacives, Stripping Self-Paced Reading Questionnaire; Method 327 $aStimuliProcedure; Participants; Results; Discussion; Experiment 8: Written Comparatives, Replacives, Stripping Questionnaire; Method; Stimuli; Procedure; Participants; Results; Discussion; Experiment 9: Auditory Comparatives Questionnaire; Method; Stimuli; Procedure; Participants; Results; Discussion; Conclusions; Chapter 5: Prosodic Parallelism, Focus, and Pitch Range; The Grammar of Focus; Processing Issues; Experiment 10: Auditory, Gapping Questionnaire with Neutral Accent; Method; Stimuli; Procedure; Participants; Results and Discussion; Experiment 11: Production Study; Method; Stimuli 327 $aProcedure and ParticipantsResults; Discussion; Features of Prosodic Parallelism; Experiment 12: Pitch Range Auditory Questionnaire; Pitch Matching; Sentence Types and Prosodic Descriptions; Replacives; VP Ellipsis Sentences; Cantrall-Inspired Pronoun Sentences; Adverbial Sentences; Procedure; Participants; Results; Discussion; General Conclusions; Chapter 6: Conclusions about Parallelism and Ellipsis; Appendices; A. Materials for Experiments 1 and 3; B. Materials for Experiment 2; C. Figures for Experiment 3; D. Materials for Experiment 4; E. Materials for Experiment 5 327 $aF. Materials for Experiment 6 330 $aFirst Published in 2002. Routledge is an imprint of Taylor & Francis, an informa company. 410 0$aOutstanding Dissertations in Linguistics 606 $aGrammar, Comparative and general$xEllipsis 606 $aParallelism (Linguistics) 606 $aProsodic analysis (Linguistics) 608 $aElectronic books. 615 0$aGrammar, Comparative and general$xEllipsis. 615 0$aParallelism (Linguistics) 615 0$aProsodic analysis (Linguistics) 676 $a415 700 $aCarlson$b Katy$f1973-$0854695 801 0$bMiAaPQ 801 1$bMiAaPQ 801 2$bMiAaPQ 906 $aBOOK 912 $a9910453223703321 996 $aParallelism and prosody in the processing of ellipsis sentences$91908518 997 $aUNINA LEADER 06019nam 22007455 450 001 996423846903316 005 20231110222129.0 010 $a3-11-072908-3 024 7 $a10.1515/9783110729085 035 $a(CKB)5470000000570930 035 $a(DE-B1597)572729 035 $a(DE-B1597)9783110729085 035 $aEBL7015052 035 $a(AU-PeEL)EBL7015052 035 $a(MiAaPQ)EBC7015052 035 $a(EXLCZ)995470000000570930 100 $a20210526h20212021 fg 101 0 $ager 135 $aur||#|||||||| 181 $ctxt$2rdacontent 182 $cc$2rdamedia 183 $acr$2rdacarrier 200 00$aProsa $eGeschichte, Poetik, Theorie /$fhrsg. von Michael Gamper, Svetlana Efimova 210 1$aBerlin ;$aBoston :$cDe Gruyter,$d[2021] 210 4$d©2021 215 $a1 online resource (VIII, 327 p.) 225 0 $aWeltLiteraturen / World Literatures ;$v20 300 $aDescription based upon print version of record. 311 $a3-11-072464-2 327 $tFrontmatter --$tOpen-Access-Transformation in der Literaturwissenschaft --$tInhalt --$tEinleitung --$tKontrafaktur der Wirklichkeit um 1500 --$tRhythmus als eine Organisationsform der Prosa --$t,Maßloses Maß' in der ,formlosen Form' --$tTexte die laufen --$tProsa im Plural? Versuch einer Mereologie des Prosabegriffes --$tProsa als Wirklichkeitsverhältnis --$tZur Theorie der Prosa: Zwischen semiotischem Nullniveau und hypertropher Selbstreferenz --$t"The musicalization of fiction" revisited: Zu einer intermedialen Annäherung an die Autoreflexivität der Prosa --$tEin leichtes Gewebe aus Vers und Prosa --$tKant und das prosaische "Geschäft der Kritik" --$t"Poëtische Prosa" --$tHegel und Prosa --$tProsareflexion und das Schreiben von Prosa nach dem ,Ende der Kunstperiode' (Theodor Mundt, Heinrich Heine) --$t,Prosaisierung': Bürgerliche Verlusterfahrung in Adalbert Stifters Kazensilber --$tFrühsowjetische Avantgardeprosa: Ornament statt Verbrechen --$tDie Gabe der Prosa: Hofmannsthal, Deutsches Lesebuch, 1922/1926 --$t"Prose engagée" oder die Last der prosaischen Wirklichkeit: Bataille vs. Sartre --$t¿Poesía contra Prosa? --$tAutorinnen und Autoren --$tRegister 330 $a"Prose" refers to a largely free mode of speaking and writing that is not tethered to any normative form, and which permits a wide range of composition styles due to the openness of its content and form. In 18 chapters, this volume makes "prose" - an important but thus far insufficiently examined category of literary studies - the subject of historical, methodological, and theoretical investigations. 330 $a?Prosa? bezeichnet die ungebundene, von normativer Form weitestgehend freie Weise des Sprechens und Schreibens, die auf Grund ihrer formalen und inhaltlichen Offenheit ein breites Spektrum an Gestaltungsweisen zulässt. ?Prosa? ist so nicht allgemeinverbindlich zu definieren oder in einer geschlossenen ?Theorie der Prosa? zu erfassen, sie bedarf vielmehr einer offenen Theoriebildung, die von den kulturell und historisch konkretisierten Beispielen stets auch die Ergänzung und Präzisierung ihrer eigenen Ausgangsbestimmungen erwartet. ?Prosa? formiert so ein Arbeitsfeld, in dem das Verfahren der Textkonstitution als eine grammatische, rhetorische und poetologische Aufgabe verstanden wird, die gleichermaßen Pragmatiken der ?Sachprosa?, realistische Romane und Prosaexperimente der Avantgarden betrifft. Etablierte Kategorien der Prosaanalyse wie ?Fiktionalität? und ?Narration? werden kritisch perspektiviert, und Fragen der Schreibweise, der Sequenzialität und der Konstruktion/Produktion treten in den Vordergrund. - Der vorliegende Band macht in 18 Beiträgen ?Prosa? als wichtige, bislang aber unzureichend reflektierte literaturwissenschaftliche Kategorie zum Gegenstand von historisch und methodisch-theoretisch ausgerichteten Untersuchungen. 410 0$aWeltLiteraturen / World Literatures 606 $aLITERARY CRITICISM / Comparative Literature$2bisacsh 610 $aProse. 610 $acomparative studies. 610 $aliterary theory. 610 $apoetics. 615 7$aLITERARY CRITICISM / Comparative Literature. 702 $aBezantakou$b Olga$4ctb$4https://id.loc.gov/vocabulary/relators/ctb 702 $aBrokoff$b Jürgen$4ctb$4https://id.loc.gov/vocabulary/relators/ctb 702 $aDel Valle Lattanzio$b Camilo$4ctb$4https://id.loc.gov/vocabulary/relators/ctb 702 $aDimitriadis$b Pavlos$4ctb$4https://id.loc.gov/vocabulary/relators/ctb 702 $aEfimova$b Svetlana$4ctb$4https://id.loc.gov/vocabulary/relators/ctb 702 $aEfimova$b Svetlana$4edt$4http://id.loc.gov/vocabulary/relators/edt 702 $aEmundts$b Dina$4ctb$4https://id.loc.gov/vocabulary/relators/ctb 702 $aEtte$b Wolfram$4ctb$4https://id.loc.gov/vocabulary/relators/ctb 702 $aFuchs$b Florian$f1984-$4ctb$4https://id.loc.gov/vocabulary/relators/ctb 702 $aGamper$b Michael$4ctb$4https://id.loc.gov/vocabulary/relators/ctb 702 $aGamper$b Michael$4edt$4http://id.loc.gov/vocabulary/relators/edt 702 $aHansen-Löve$b Aage A.$4ctb$4https://id.loc.gov/vocabulary/relators/ctb 702 $aHottner$b Wolfgang$4ctb$4https://id.loc.gov/vocabulary/relators/ctb 702 $aKempin$b Chanah$4ctb$4https://id.loc.gov/vocabulary/relators/ctb 702 $aKünstler$b Kira Louisa$4ctb$4https://id.loc.gov/vocabulary/relators/ctb 702 $aMüller-Tamm$b Jutta$4ctb$4https://id.loc.gov/vocabulary/relators/ctb 702 $aPethes$b Nicolas$4ctb$4https://id.loc.gov/vocabulary/relators/ctb 702 $aSimon$b Ralf$4ctb$4https://id.loc.gov/vocabulary/relators/ctb 702 $aStingl$b Elena$4ctb$4https://id.loc.gov/vocabulary/relators/ctb 702 $aWitte$b Georg$4ctb$4https://id.loc.gov/vocabulary/relators/ctb 801 0$bDE-B1597 801 1$bDE-B1597 906 $aBOOK 912 $a996423846903316 996 $aProsa$9236561 997 $aUNISA LEADER 04898nam 22006135 450 001 9910337490103321 005 20230623164036.0 010 $a3-319-96286-8 024 7 $a10.1007/978-3-319-96286-3 035 $a(CKB)4100000007127527 035 $a(MiAaPQ)EBC5596948 035 $a(DE-He213)978-3-319-96286-3 035 $a(PPN)232473536 035 $a(EXLCZ)994100000007127527 100 $a20181109d2019 u| 0 101 0 $aeng 135 $aurcnu|||||||| 181 $ctxt$2rdacontent 182 $cc$2rdamedia 183 $acr$2rdacarrier 200 00$aEmergency general surgery $ea practical approach /$fCarlos V.R. Brown, Kenji Inaba, Matthew J. Martin, Ali Salim, editors 205 $a1st ed. 2019. 210 1$aCham :$cSpringer International Publishing :$cImprint: Springer,$d2019. 210 4$d©2019 215 $a1 online resource (521 pages) 311 08$a3-319-96285-X 320 $aIncludes bibliographical references and index. 327 $aDefinition of Emergency General Surgery (EGS) and its Burden on the Society -- Evaluating the Acute Abdomen -- Imaging in Emergency General Surgery -- Antibiotics in Emergency General Surgery -- Esophageal Perforation -- Variceal Hemorrhage for the Acute Care Surgeon -- Upper Gastrointestinal Bleeding -- Gastroduodenal Perforations -- Benign and Malignant Gastric Outlet Obstruction -- Acute Cholecystitis -- Choledocholithiasis -- Acute Cholangitis -- Gallstone Ileus -- Acute Pancreatitis -- Hepatic Abscess -- Small Bowel Obstruction -- Small Bowel Perforation -- Inflammatory Bowel Disease -- Small Bowel Sources of Gastrointestinal Bleeds -- Mesenteric Ischemia -- Acute Appendicitis -- Diverticulitis -- Clostridium difficile Infection -- Large Bowel Obstruction: Current Techniques and Trends in Management -- Lower GI Bleeds -- Ischemic Colitis -- Ogilvie's Syndrome -- Colon Volvulus -- The Treatment of Peri-rectal Abscesses for the Emergency General Surgeon -- Diagnosis and Treatment of Acute Hemorrhoidal Disease and the Complications of Hemorrhoidal Procedures -- Spontaneous Pneumothorax -- Empyema -- INCARCERATED INGUINAL HERNIAS -- INCARCERATED UMBILICAL AND VENTRAL HERNIA REPAIR -- PARAESOPHAGEAL HERNIA AND GASTRIC VOLVULUS -- Extremity Compartment Syndrome -- Abdominal Compartment Syndrome and the Open Abdomen -- Necrotizing soft tissue infection -- Management of Bariatric Complications for the General Surgeon -- Emergency General Surgery in the Elderly: -- Non-obstetric Emergency Surgery in the Pregnant Patient -- Emergency General Surgery in the Immunocompromised Surgical Patient -- Cirrhosis -- Surgical Palliative Care, "Heroic Surgery," and End-of-Life Care. 330 $aThe field of emergency general surgery encompasses a wide array of surgical diseases, ranging from the simple to the complex. These diseases may include inflammatory, infectious, and hemorrhagic processes spanning the entire gastrointestinal tract, complications of abdominal wall hernias, compartment syndromes, skin and soft tissue infections, and surgical diseases significantly complicated in special populations including elderly, obese, pregnant, immunocompromised, and cirrhotic patients. This book covers emergency general surgery topics in a succinct, practical, understandable fashion. After reviewing the general principles in caring for the emergency general surgery patient, this text discusses current evidence and the best practices stratified by organ system, including esophageal, gastroduodenal, hepatobiliary and pancreatic, small and large bowel, anorectal, thoracic, and hernias. Chapters are written by experts in the field and present a logical, straightforward, and easy to understand approach to the emergency general surgery patient, as well as provide patient care algorithms where appropriate. Emergency General Surgery: A Practical Approach provides surgeons and surgery residents with a practical and evidence-based approach to diagnosing and managing a wide array of surgical diseases encountered on emergency general surgery call. 606 $aSurgery 606 $aTraumatology 606 $aSurgery, Operative 606 $aMedical emergencies 606 $aSurgical Procedures, Operative$3(DNLM)D013514 606 $aEmergencies$3(DNLM)D004630 606 $aGeneral Surgery 606 $aTraumatology$3(DNLM)D014194 615 0$aSurgery. 615 0$aTraumatology. 615 0$aSurgery, Operative. 615 0$aMedical emergencies. 615 12$aSurgical Procedures, Operative. 615 12$aEmergencies. 615 2$aGeneral Surgery. 615 2$aTraumatology. 676 $a617.026 702 $aBrown$b Carlos 702 $aInaba$b Kenji 702 $aMartin$b Matthew J. 702 $aSa?lim$b ?Ali? 906 $aBOOK 912 $a9910337490103321 996 $aEmergency General Surgery$91742310 997 $aUNINA